00573nam a2200169 i 450000100060000000300090000600500170001500700030003200800410003510000340007624500410011026000590015130000220021085200320023299900170026495201220028151182ES-MaACL20230906162320.0t|030811s1970 sp ||||1| spa d1 aChaparro Wert, Manuel.93800710aAgua clara / cManuel Chaparro Wert. aHuelva : b[s.n., c1970] (fVda. e hijos G. Chaparro) a186 p. ; c22 cm. aES-MaACLjC-38729 bR.74488 c51182d51182 00104070aATENEOMbATENEOMcDEPO2d2008-01-17eSCl0oC-38729p1053833r2023-02-23 00:00:00w2023-02-23yMONOGRAFIA